<?xml version="1.0" encoding="UTF-8"?>
<collection xmlns="http://www.loc.gov/MARC21/slim">
 <record>
  <leader>03144nam a2200361 a 4500</leader>
  <controlfield tag="001">0017722</controlfield>
  <controlfield tag="003">BD-DhAAL</controlfield>
  <controlfield tag="008">091111s2008    bg a     b    000 0 eng d</controlfield>
  <datafield tag="020" ind1=" " ind2=" ">
   <subfield code="a">9843216059</subfield>
  </datafield>
  <datafield tag="040" ind1=" " ind2=" ">
   <subfield code="a">BD-DhAAL</subfield>
   <subfield code="c">BD-DhAAL</subfield>
  </datafield>
  <datafield tag="082" ind1="0" ind2="0">
   <subfield code="a">343.5492052</subfield>
   <subfield code="2">22</subfield>
  </datafield>
  <datafield tag="245" ind1="1" ind2="0">
   <subfield code="a">Income tax manual.</subfield>
   <subfield code="n">Part-II :</subfield>
   <subfield code="b">the income tax rules,</subfield>
   <subfield code="f">1984</subfield>
   <subfield code="p">[As amended up to July, 2008] /</subfield>
   <subfield code="c">compiled by Lal Bahadur Adhikary.</subfield>
  </datafield>
  <datafield tag="246" ind1=" " ind2=" ">
   <subfield code="a">আয়কর ম্যানুয়াল.</subfield>
   <subfield code="n">দ্বিতীয় খণ্ড</subfield>
  </datafield>
  <datafield tag="260" ind1=" " ind2=" ">
   <subfield code="a">Dhaka:</subfield>
   <subfield code="b">Supreme Prokashani,</subfield>
   <subfield code="c">2008.  	</subfield>
  </datafield>
  <datafield tag="300" ind1=" " ind2=" ">
   <subfield code="a">viii, 245 pages :</subfield>
   <subfield code="b">illustrations ;</subfield>
   <subfield code="c">21 cm</subfield>
  </datafield>
  <datafield tag="362" ind1=" " ind2=" ">
   <subfield code="a">Vol. 2</subfield>
  </datafield>
  <datafield tag="504" ind1=" " ind2=" ">
   <subfield code="a">Includes bibliographical references.</subfield>
  </datafield>
  <datafield tag="526" ind1=" " ind2=" ">
   <subfield code="x">Prof. Mojib Uddin Ahmed
Director, MBA Program
BRAC Business School
Course name and no. N/A ;</subfield>
   <subfield code="x">Monojit Kumar Ojha
Director, Finance
BRAC University

</subfield>
  </datafield>
  <datafield tag="541" ind1="1" ind2=" ">
   <subfield code="a">Paragon Enterprises Ltd. ;  A H Developmet Publishing House </subfield>
   <subfield code="e">0018560, 0017722</subfield>
  </datafield>
  <datafield tag="650" ind1=" " ind2="0">
   <subfield code="a">Income tax</subfield>
   <subfield code="x">Law and legislation</subfield>
   <subfield code="z">Bangladesh.</subfield>
   <subfield code="9">56591</subfield>
  </datafield>
  <datafield tag="650" ind1=" " ind2="0">
   <subfield code="a">Income tax</subfield>
   <subfield code="x">Bangladesh.</subfield>
   <subfield code="9">57289</subfield>
  </datafield>
  <datafield tag="650" ind1=" " ind2="0">
   <subfield code="a">Law.</subfield>
  </datafield>
  <datafield tag="700" ind1="1" ind2=" ">
   <subfield code="a">Adhikary, Lal Bahadur.</subfield>
   <subfield code="9">57290</subfield>
  </datafield>
  <datafield tag="852" ind1="4" ind2=" ">
   <subfield code="a">Ayesha Abed Library </subfield>
   <subfield code="c">General Stacks</subfield>
  </datafield>
  <datafield tag="942" ind1=" " ind2=" ">
   <subfield code="2">ddc</subfield>
   <subfield code="c">BK</subfield>
  </datafield>
  <datafield tag="999" ind1=" " ind2=" ">
   <subfield code="c">5404</subfield>
   <subfield code="d">5404</subfield>
  </datafield>
  <datafield tag="952" ind1=" " ind2=" ">
   <subfield code="0">0</subfield>
   <subfield code="1">0</subfield>
   <subfield code="2">ddc</subfield>
   <subfield code="4">0</subfield>
   <subfield code="6">343_549205200000000_INC</subfield>
   <subfield code="7">0</subfield>
   <subfield code="9">5261</subfield>
   <subfield code="a">BRACUL</subfield>
   <subfield code="b">BRACUL</subfield>
   <subfield code="c">GEN</subfield>
   <subfield code="d">2009-11-11</subfield>
   <subfield code="e">Paragon Enterprise Ltd.</subfield>
   <subfield code="g">390.00</subfield>
   <subfield code="l">2</subfield>
   <subfield code="m">19</subfield>
   <subfield code="o">343.5492052 INC</subfield>
   <subfield code="p">3010018562</subfield>
   <subfield code="r">2022-05-11</subfield>
   <subfield code="s">2022-03-08</subfield>
   <subfield code="t">4</subfield>
   <subfield code="v">780.00</subfield>
   <subfield code="w">2009-11-11</subfield>
   <subfield code="y">BK</subfield>
   <subfield code="x">Requisitioned by Prof. Mojib Uddin Ahmed Director, MBA Program Course name and no. N/A</subfield>
  </datafield>
  <datafield tag="952" ind1=" " ind2=" ">
   <subfield code="0">0</subfield>
   <subfield code="1">0</subfield>
   <subfield code="2">ddc</subfield>
   <subfield code="4">0</subfield>
   <subfield code="6">343_549205200000000_INC</subfield>
   <subfield code="7">0</subfield>
   <subfield code="9">5268</subfield>
   <subfield code="a">BRACUL</subfield>
   <subfield code="b">BRACUL</subfield>
   <subfield code="c">GEN</subfield>
   <subfield code="d">2009-11-11</subfield>
   <subfield code="e">Paragon Enterprise Ltd.</subfield>
   <subfield code="g">390.00</subfield>
   <subfield code="l">1</subfield>
   <subfield code="m">1</subfield>
   <subfield code="o">343.5492052 INC</subfield>
   <subfield code="p">3010018564</subfield>
   <subfield code="r">2018-05-16</subfield>
   <subfield code="s">2018-05-08</subfield>
   <subfield code="t">6</subfield>
   <subfield code="v">780.00</subfield>
   <subfield code="w">2009-11-11</subfield>
   <subfield code="y">BK</subfield>
   <subfield code="x">Requisitioned by Prof. Mojib Uddin Ahmed Director, MBA Program Course name and no. N/A</subfield>
  </datafield>
  <datafield tag="952" ind1=" " ind2=" ">
   <subfield code="0">0</subfield>
   <subfield code="1">0</subfield>
   <subfield code="2">ddc</subfield>
   <subfield code="4">0</subfield>
   <subfield code="6">343_549205200000000_INC</subfield>
   <subfield code="7">0</subfield>
   <subfield code="9">5269</subfield>
   <subfield code="a">BRACUL</subfield>
   <subfield code="b">BRACUL</subfield>
   <subfield code="c">GEN</subfield>
   <subfield code="d">2009-11-11</subfield>
   <subfield code="e">Paragon Enterprise Ltd.</subfield>
   <subfield code="g">390.00</subfield>
   <subfield code="l">0</subfield>
   <subfield code="o">343.5492052 INC</subfield>
   <subfield code="p">3010018563</subfield>
   <subfield code="r">2009-11-11</subfield>
   <subfield code="t">5</subfield>
   <subfield code="v">780.00</subfield>
   <subfield code="w">2009-11-11</subfield>
   <subfield code="y">BK</subfield>
   <subfield code="x">Requisitioned by Prof. Mojib Uddin Ahmed Director, MBA Program Course name and no. N/A</subfield>
  </datafield>
  <datafield tag="952" ind1=" " ind2=" ">
   <subfield code="0">0</subfield>
   <subfield code="1">0</subfield>
   <subfield code="2">ddc</subfield>
   <subfield code="4">0</subfield>
   <subfield code="6">343_549205200000000_INC</subfield>
   <subfield code="7">0</subfield>
   <subfield code="9">5270</subfield>
   <subfield code="a">BRACUL</subfield>
   <subfield code="b">BRACUL</subfield>
   <subfield code="c">GEN</subfield>
   <subfield code="d">2009-11-11</subfield>
   <subfield code="e">Paragon Enterprise Ltd.</subfield>
   <subfield code="g">390.00</subfield>
   <subfield code="l">0</subfield>
   <subfield code="o">343.5492052 INC</subfield>
   <subfield code="p">3010018560</subfield>
   <subfield code="r">2009-11-11</subfield>
   <subfield code="t">2</subfield>
   <subfield code="v">780.00</subfield>
   <subfield code="w">2009-11-11</subfield>
   <subfield code="y">BK</subfield>
   <subfield code="x">Requisitioned by Prof. Mojib Uddin Ahmed Director, MBA Program Course name and no. N/A</subfield>
  </datafield>
  <datafield tag="952" ind1=" " ind2=" ">
   <subfield code="0">0</subfield>
   <subfield code="1">0</subfield>
   <subfield code="2">ddc</subfield>
   <subfield code="3">Need to change call number</subfield>
   <subfield code="4">0</subfield>
   <subfield code="6">336_240954920000000_INC_2008</subfield>
   <subfield code="7">0</subfield>
   <subfield code="9">5271</subfield>
   <subfield code="a">BRACUL</subfield>
   <subfield code="b">BRACUL</subfield>
   <subfield code="c">GEN</subfield>
   <subfield code="d">2009-11-11</subfield>
   <subfield code="e">Paragon Enterprise Ltd.</subfield>
   <subfield code="g">390.00</subfield>
   <subfield code="l">0</subfield>
   <subfield code="o">336.24095492 INC</subfield>
   <subfield code="p">3010018561</subfield>
   <subfield code="r">2009-11-11</subfield>
   <subfield code="t">3</subfield>
   <subfield code="v">780.00</subfield>
   <subfield code="w">2009-11-11</subfield>
   <subfield code="y">BK</subfield>
   <subfield code="x">Requisitioned by Prof. Mojib Uddin Ahmed Director, MBA Program Course name and no. N/A</subfield>
  </datafield>
  <datafield tag="952" ind1=" " ind2=" ">
   <subfield code="0">0</subfield>
   <subfield code="1">0</subfield>
   <subfield code="2">ddc</subfield>
   <subfield code="4">0</subfield>
   <subfield code="6">343_549205200000000_INC</subfield>
   <subfield code="7">0</subfield>
   <subfield code="9">8662</subfield>
   <subfield code="a">BRACUL</subfield>
   <subfield code="b">BRACUL</subfield>
   <subfield code="c">GEN</subfield>
   <subfield code="d">2010-03-18</subfield>
   <subfield code="g">340.00</subfield>
   <subfield code="l">0</subfield>
   <subfield code="o">343.5492052 INC</subfield>
   <subfield code="p">3010019982</subfield>
   <subfield code="r">2010-03-18</subfield>
   <subfield code="t">7</subfield>
   <subfield code="w">2010-03-18</subfield>
   <subfield code="y">BK</subfield>
  </datafield>
  <datafield tag="952" ind1=" " ind2=" ">
   <subfield code="0">0</subfield>
   <subfield code="1">0</subfield>
   <subfield code="2">ddc</subfield>
   <subfield code="4">0</subfield>
   <subfield code="6">343_549205200000000_INC</subfield>
   <subfield code="7">0</subfield>
   <subfield code="9">16081</subfield>
   <subfield code="a">BRACUL</subfield>
   <subfield code="b">BRACUL</subfield>
   <subfield code="c">GEN</subfield>
   <subfield code="d">2011-04-16</subfield>
   <subfield code="e">A H Development Publishing House</subfield>
   <subfield code="g">340.00</subfield>
   <subfield code="l">0</subfield>
   <subfield code="o">343.5492052 INC</subfield>
   <subfield code="p">3010017722</subfield>
   <subfield code="r">2011-04-16</subfield>
   <subfield code="t">1</subfield>
   <subfield code="w">2011-04-16</subfield>
   <subfield code="y">BK</subfield>
   <subfield code="x">Requisitioned by Monojit Kumar Ojha (Director, Finance of BRAC University)</subfield>
  </datafield>
 </record>
</collection>
